Selected works of Joseph Conrad / (Record no. 328473)

000 -LEADER
fixed length control field 00879cam a2200277 a 4500
001 - CONTROL NUMBER
control field 3027463
003 - CONTROL NUMBER IDENTIFIER
control field Nust
005 - DATE AND TIME OF LATEST TRANSACTION
control field 20220829145422.0
008 - FIXED-LENGTH DATA ELEMENTS--GENERAL INFORMATION
fixed length control field 941107s1994 nyu 000 0deng
010 ## - LIBRARY OF CONGRESS CONTROL NUMBER
LC control number 94227277
020 ## - INTERNATIONAL STANDARD BOOK NUMBER
International Standard Book Number 9781840220612
Terms of availability Rs. 596
038 ## - RECORD CONTENT LICENSOR
Staff Name Arshad
040 ## - CATALOGING SOURCE
Original cataloging agency DLC
Transcribing agency DLC
050 00 - LIBRARY OF CONGRESS CALL NUMBER
Classification number PR6005.O4
Item number A6 1994c
082 00 - DEWEY DECIMAL CLASSIFICATION NUMBER
Classification number 823
Author Mark CON
100 1# - MAIN ENTRY--PERSONAL NAME
Personal name Conrad, Joseph,
Dates associated with a name 1857-1924.
9 (RLIN) 12078
240 10 - UNIFORM TITLE
Uniform title Works.
Form subheading Selections.
Date of a work 1994
245 10 - TITLE STATEMENT
Title Selected works of Joseph Conrad /
Statement of responsibility, etc. edited by Steven J. Kasdin.
260 ## - PUBLICATION, DISTRIBUTION, ETC.
Place of publication, distribution, etc. New York :
Name of publisher, distributor, etc. Barnes & Noble Books,
Date of publication, distribution, etc. 2005.
300 ## - PHYSICAL DESCRIPTION
Extent 1371 p. ;
Dimensions 25 cm.
650 ## - SUBJECT ADDED ENTRY--TOPICAL TERM
Topical term or geographic name entry element Conrad, Joseph, 1857-1924
Form subdivision Fiction
9 (RLIN) 12134
700 1# - ADDED ENTRY--PERSONAL NAME
Personal name Kasdin, Steven J.
9 (RLIN) 12135
906 ## - LOCAL DATA ELEMENT F, LDF (RLIN)
a 7
b cbc
c orignew
d 2
e ncip
f 19
g y-gencatlg
942 ## - ADDED ENTRY ELEMENTS (KOHA)
Source of classification or shelving scheme
Koha item type Book
Holdings
Withdrawn status Lost status Source of classification or shelving scheme Damaged status Not for loan Permanent Location Current Location Shelving location Date acquired Full call number Barcode Date last seen Copy number Price effective from Koha item type
          Central Library (CL) Central Library (CL) Fiction 04/07/2017 823 CON CL825 04/07/2017 1 04/07/2017 Book
© 2023 Central Library, National University of Sciences and Technology. All Rights Reserved.